|
|
|
|
| LEADER |
01056pam a22003738a 4500 |
| 001 |
00028000 |
| 005 |
20171026081022.0 |
| 008 |
111222s2006 ||||||engsd |
| 020 |
# |
# |
|a 9780194305457
|
| 041 |
0 |
# |
|a eng
|
| 082 |
1 |
4 |
|a 428
|b P105
|
| 100 |
1 |
# |
|a Flynn, Kathleen F.
|
| 245 |
1 |
0 |
|b Building perspective through reading
|c Kathleen F. Fllynn, Latrica Trites, ...[et. al]
|a Panorama
|n vol 3
|
| 260 |
# |
# |
|a Oxford
|b Oxford Univ. Press
|c 2006
|
| 300 |
# |
# |
|a 132p.
|c 28 cm.
|b ill.
|
| 650 |
# |
4 |
|a English language
|x tiếng anh
|v Textbooks for foreign speakers
|x reading
|
| 653 |
# |
# |
|a tiếng anh
|
| 653 |
# |
# |
|a đọc
|
| 700 |
1 |
# |
|a Kisslinger, Ellen
|
| 700 |
1 |
# |
|a Pollock, Randy
|
| 700 |
1 |
# |
|a Trites, Latrica
|
| 700 |
1 |
# |
|a Tzoytzoyrakos, Anastassia
|
| 700 |
1 |
# |
|e Daniel, Dena
|
| 852 |
# |
# |
|b Kho đọc
|j KD.0012925
|
| 852 |
# |
# |
|j KD.0012929
|
| 910 |
0 |
# |
|d 22/12/2011
|
| 980 |
# |
# |
|a Trung tâm Học liệu Lê Vũ Hùng, Trường Đại học Đồng Tháp
|